| 000 | 00642nam a2200217 i 4500 | ||
|---|---|---|---|
| 001 | 101013 | ||
| 003 | ES-MaACL | ||
| 005 | 20230906182814.0 | ||
| 007 | t| | ||
| 008 | 051010s1959 sp ||||1| spa d | ||
| 100 | 1 |
_aMaugham, W. Somerset. _979192 |
|
| 245 | 1 | 3 |
_aLa joven romántica / _cW. Somerset Maugham; [traducción de Juan G. de Luaces]. |
| 250 | _a[1ª ed.]. | ||
| 260 |
_aBarcelona : _bLara, _c1959. |
||
| 300 |
_a225 p. ; _c17 cm. |
||
| 490 | 1 | _aEl club de los lectores | |
| 700 | 1 |
_aLuaces, Juan G. de. _974483 |
|
| 830 | 0 |
_aEl club de los lectores _9181015 |
|
| 852 |
_aES-MaACL _jC-16395 _bR.44315 |
||
| 999 |
_c101013 _d101013 |
||